[Event "Cto. Madrid 2016/2017 - Semifinal"]
[Site "Madrid ESP"]
[Date "2017.04.05"]
[Round "8.17"]
[White "Vazquez Gonzalez, Jesus"]
[Black "Jimenez Gonzalez, Marcos"]
[Result "1-0"]
[WhiteElo "1912"]
[BlackElo "1829"]
[PlyCount "59"]
[EventDate "2017.03.27"]
[EventType "swiss"]
[EventRounds "9"]
[EventCountry "ESP"]
[SourceTitle "AeM"]
[Source "lmi"]
[SourceDate "2017.03.27"]

1. e4 e6 2. Bd3 d5 3. c3 Nf6 4. e5 Nfd7 5. f4 c5 6. Bc2 Nc6 7. Nf3 c4 8. O-O
Nc5 9. Qe2 Be7 10. Kh1 Bd7 11. b4 cxb3 12. axb3 Na5 13. Nd4 Nc6 14. Nxc6 Bxc6
15. b4 Ne4 16. d3 Nxc3 17. Nxc3 Bxb4 18. Nd1 d4 19. Nf2 Bc3 20. Rb1 Qd7 21. Ne4
O-O-O 22. Ba3 Ba5 23. Bd6 Bb6 24. Rfc1 f5 25. Ba4 g5 26. Nf6 Qg7 27. Bxc6 bxc6
28. Rxc6+ Kb7 29. Rcxb6+ axb6 30. Qf3+ 1-0

[Event "Cto. Madrid 2016/2017 - Semifinal"]
[Site "Madrid ESP"]
[Date "2017.04.05"]
[Round "8.18"]
[White "Serrano Garcia, Vicente"]
[Black "Santamaria Baeza, Adolfo"]
[Result "1-0"]
[WhiteElo "1841"]
[BlackElo "1855"]
[PlyCount "97"]
[EventDate "2017.03.27"]
[EventType "swiss"]
[EventRounds "9"]
[EventCountry "ESP"]
[SourceTitle "AeM"]
[Source "lmi"]
[SourceDate "2017.03.27"]

1. d4 Nf6 2. Nf3 e6 3. Bg5 d5 4. e3 c5 5. c3 Nbd7 6. Nbd2 Be7 7. Bd3 O-O 8. Ne5
Nxe5 9. dxe5 Nd7 10. Bf4 g6 11. h4 Qc7 12. Nf3 Qb6 13. Rb1 f6 14. h5 g5 15.
exf6 Bxf6 16. Nxg5 e5 17. Bxh7+ Kh8 18. Qxd5 Bxg5 19. Bxg5 Kxh7 20. Qe4+ Kh8
21. Rh3 Qc6 22. Qxc6 bxc6 23. Rg3 Rf7 24. e4 Nf8 25. Rd1 Be6 26. b3 a5 27. Rd6
Rc8 28. c4 a4 29. Be3 axb3 30. axb3 Bd7 31. Bxc5 Ne6 32. Be3 Rb8 33. Rg6 Nf8
34. Rh6+ Kg7 35. Rd3 Ra8 36. f3 Ra2 37. Kf1 Ne6 38. Rg6+ Kh7 39. Kg1 Nf8 40.
Rg5 c5 41. Rxe5 Re2 42. Bxc5 Rg7 43. g4 Ne6 44. Be3 Nd8 45. Red5 Bxg4 46. fxg4
Rxg4+ 47. Kf1 Reg2 48. Rxd8 Rg7 49. R8d7 1-0

[Event "Cto. Madrid 2016/2017 - Semifinal"]
[Site "Madrid ESP"]
[Date "2017.04.05"]
[Round "8.19"]
[White "Pashov, Spas Nikolov"]
[Black "Anton Quevedo, Andrea"]
[Result "0-1"]
[WhiteElo "1867"]
[BlackElo "1849"]
[PlyCount "90"]
[EventDate "2017.03.27"]
[EventType "swiss"]
[EventRounds "9"]
[EventCountry "ESP"]
[SourceTitle "AeM"]
[Source "lmi"]
[SourceDate "2017.03.27"]

1. e4 c5 2. Nf3 e6 3. d4 cxd4 4. Nxd4 Nc6 5. Be3 Qc7 6. Bd3 Nf6 7. O-O a6 8. c4
Bd6 9. h3 b6 10. Nc3 Bb7 11. b3 O-O 12. Rc1 Ne5 13. Qe2 Ng6 14. Qd2 Bb4 15. f3
Nh5 16. Qf2 Nhf4 17. Rfd1 Qe5 18. Bf1 Nh5 19. Na4 f5 20. exf5 exf5 21. Nc2 Bd6
22. Rxd6 Qxd6 23. Nxb6 Rad8 24. Bc5 Qf4 25. Rd1 Rf7 26. Nd4 Qe5 27. b4 Nhf4 28.
g3 Nh5 29. f4 Qc7 30. Bg2 Nf6 31. Bxb7 Qxb7 32. Nxf5 Ne4 33. Nd6 Nxd6 34. Bxd6
Ne7 35. a3 Nf5 36. c5 Qe4 37. Be5 h6 38. g4 Ne7 39. Rxd7 Rxd7 40. Nxd7 Qd3 41.
Qf1 Qxd7 42. Qxa6 Qd1+ 43. Kg2 Nd5 44. Qd6 Qe2+ 45. Kg3 Ne3 0-1

[Event "Cto. Madrid 2016/2017 - Semifinal"]
[Site "Madrid ESP"]
[Date "2017.04.05"]
[Round "8.20"]
[White "Lopez Heras, Arturo"]
[Black "Garcia Serrano, Jose Manuel"]
[Result "0-1"]
[WhiteElo "1905"]
[BlackElo "1871"]
[PlyCount "75"]
[EventDate "2017.03.27"]
[EventType "swiss"]
[EventRounds "9"]
[EventCountry "ESP"]
[SourceTitle "AeM"]
[Source "lmi"]
[SourceDate "2017.03.27"]

1. d4 d5 2. c4 Nc6 3. e3 e5 4. dxe5 d4 5. exd4 Qxd4 6. Qxd4 Nxd4 7. Bd3 Bg4 8.
f3 Be6 9. b3 O-O-O 10. Ba3 Bxa3 11. Nxa3 Nxb3 12. axb3 Rxd3 13. Rb1 Ne7 14. Kf2
Rhd8 15. Ne2 Rd2 16. Rhe1 Bf5 17. Rbc1 Nc6 18. Kg1 Rb2 19. Rc3 Ra2 20. Ng3 Bg6
21. Nb1 Bxb1 22. Rxb1 Rdd2 23. Ne4 Rxg2+ 24. Kf1 Rxh2 25. Kg1 Nxe5 26. f4 Rag2+
27. Kf1 Ng6 28. Rg3 Nxf4 29. Rxg2 Rxg2 30. Rd1 Rb2 31. Ng5 f6 32. Nf7 Ne6 33.
Rd3 Rh2 34. c5 Rh4 35. Kf2 Rd4 36. Rh3 Rd7 37. Nh8 Ng5 38. Re3 0-1

[Event "Cto. Madrid 2016/2017 - Semifinal"]
[Site "Madrid ESP"]
[Date "2017.04.06"]
[Round "9.1"]
[White "Quevedo Marin, Manuel"]
[Black "Lopez De Turiso, Jose Angel"]
[Result "1/2-1/2"]
[WhiteElo "2245"]
[BlackElo "2031"]
[PlyCount "52"]
[EventDate "2017.03.27"]
[EventType "swiss"]
[EventRounds "9"]
[EventCountry "ESP"]
[SourceTitle "AeM"]
[Source "lmi"]
[SourceDate "2017.03.27"]

1. d4 f5 2. g3 Nf6 3. Bg2 d6 4. Nf3 e6 5. c4 Be7 6. Nc3 O-O 7. Qc2 Qe8 8. b3
Nc6 9. Bb2 e5 10. dxe5 dxe5 11. Rd1 e4 12. Nd4 Nxd4 13. Rxd4 Bc5 14. Rd1 Ng4
15. e3 Bxe3 16. fxe3 Nxe3 17. Qe2 Nxd1 18. Kxd1 c6 19. Qe3 Be6 20. Kc1 b5 21.
cxb5 cxb5 22. Rd1 Qc6 23. Kb1 Rac8 24. Rc1 Qd7 25. Bf1 a6 26. Be2 Rc7 1/2-1/2

[Event "Cto. Madrid 2016/2017 - Semifinal"]
[Site "Madrid ESP"]
[Date "2017.04.06"]
[Round "9.3"]
[White "Rottenwohrer Suarez, Juan"]
[Black "Pindado Campos, Raul"]
[Result "1-0"]
[WhiteElo "2129"]
[BlackElo "2046"]
[PlyCount "93"]
[EventDate "2017.03.27"]
[EventType "swiss"]
[EventRounds "9"]
[EventCountry "ESP"]
[SourceTitle "AeM"]
[Source "lmi"]
[SourceDate "2017.03.27"]

1. e4 c5 2. Nf3 d6 3. g3 Nc6 4. Bg2 Nf6 5. d3 g6 6. O-O Bg7 7. Nbd2 O-O 8. a4
Bg4 9. h3 Bd7 10. Nc4 Qc7 11. Nh4 Na5 12. Ne3 e6 13. f4 Rac8 14. g4 c4 15. d4
c3 16. b3 b5 17. axb5 Bxb5 18. Rf2 Nd7 19. Ba3 Rfe8 20. Nf3 Nc6 21. d5 Nd8 22.
dxe6 Nxe6 23. Bxd6 Qb7 24. f5 Nec5 25. fxg6 hxg6 26. Ng5 Bh6 27. e5 Bc6 28.
Bxc6 Qxc6 29. h4 Ne4 30. Qf3 Bxg5 31. Qxf7+ Kh8 32. hxg5 Nxf2 33. Qxf2 Qb6 34.
Kg2 Qb7+ 35. Kg3 Nc5 36. Qf6+ Qg7 37. Qxg7+ Kxg7 38. Rxa7+ Kg8 39. Nd5 Ne4+ 40.
Kf4 Nxd6 41. exd6 Ra8 42. Nf6+ Kf8 43. Rh7 Red8 44. d7 Rab8 45. Ke3 Rb5 46.
Rh8+ Ke7 47. Re8+ 1-0

[Event "Cto. Madrid 2016/2017 - Semifinal"]
[Site "Madrid ESP"]
[Date "2017.04.06"]
[Round "9.4"]
[White "Correas Gonzalez, Jose Ramon"]
[Black "De La Esperanza Martin, Alberto"]
[Result "0-1"]
[WhiteElo "2080"]
[BlackElo "2024"]
[PlyCount "72"]
[EventDate "2017.03.27"]
[EventType "swiss"]
[EventRounds "9"]
[EventCountry "ESP"]
[SourceTitle "AeM"]
[Source "lmi"]
[SourceDate "2017.03.27"]

1. e4 e5 2. Nf3 Nc6 3. Bb5 a6 4. Ba4 Nf6 5. O-O b5 6. Bb3 Bc5 7. d3 d6 8. c3
O-O 9. a4 Bg4 10. h3 Bh5 11. Bg5 Rb8 12. Nbd2 h6 13. Be3 Bxe3 14. fxe3 Kh8 15.
axb5 axb5 16. Ra6 Ne7 17. Qa1 Nd7 18. g4 Nc5 19. gxh5 Nxa6 20. Qxa6 f5 21. Bd1
fxe4 22. dxe4 Qd7 23. Nh2 Qxh3 24. Rxf8+ Rxf8 25. Ndf1 Qh4 26. Qxb5 Qxe4 27.
Qe2 Rf5 28. Qg2 Rg5 29. Bg4 Qa4 30. e4 Qa7+ 31. Kh1 Qa1 32. Qf2 Ng8 33. Qf7 Qe1
34. Bf5 Qf2 35. Ng4 Qxf1+ 36. Kh2 Rxg4 0-1

[Event "Cto. Madrid 2016/2017 - Semifinal"]
[Site "Madrid ESP"]
[Date "2017.04.06"]
[Round "9.5"]
[White "Longa Yauca, Javier"]
[Black "Alfaya Marcelo, Roberto"]
[Result "1/2-1/2"]
[WhiteElo "2257"]
[BlackElo "2193"]
[PlyCount "116"]
[EventDate "2017.03.27"]
[EventType "swiss"]
[EventRounds "9"]
[EventCountry "ESP"]
[SourceTitle "AeM"]
[Source "lmi"]
[SourceDate "2017.03.27"]

1. c4 e5 2. Nc3 Nc6 3. Nf3 f5 4. d3 d6 5. Bg5 Be7 6. h4 Be6 7. Nd5 h6 8. Bxe7
Ngxe7 9. e4 O-O 10. Be2 fxe4 11. dxe4 Bg4 12. Qd2 Bxf3 13. Bxf3 Nd4 14. Bh5 c5
15. Nc3 Kh7 16. Rc1 Rf4 17. Qe3 Qd7 18. g3 Rf6 19. Nd1 Raf8 20. Rc3 Nec6 21. b3
g6 22. Be2 Nxe2 23. Qxe2 Nd4 24. Qd3 Rf3 25. Qb1 Rxc3 26. Nxc3 Nf3+ 27. Kd1 Qg4
28. Kc1 Nd4 29. Rh2 a6 30. Kb2 b5 31. cxb5 axb5 32. Qd1 Rf3 33. Qb1 Rxc3 34.
Kxc3 Qe2 35. Qd3 Qxa2 36. Qd1 b4+ 37. Kd3 Nxb3 38. Qg4 Qa6+ 39. Ke3 Qa7 40. h5
c4+ 41. Ke2 Nd4+ 42. Kf1 g5 43. Qc8 Qf7 44. f4 c3 45. f5 c2 46. Rxc2 Nxc2 47.
Qxc2 b3 48. Qc6 b2 49. Qb5 Qa2 50. Qd7+ Kg8 51. Qe8+ Kg7 52. Qg6+ Kf8 53. Qxd6+
Ke8 54. Qb8+ Ke7 55. Qc7+ Ke8 56. Qb8+ Kd7 57. Qb7+ Kd6 58. Qb6+ Kd7 1/2-1/2

[Event "Cto. Madrid 2016/2017 - Semifinal"]
[Site "Madrid ESP"]
[Date "2017.04.06"]
[Round "9.6"]
[White "Prieto Martin, Alfonso"]
[Black "Gonzalez Rivera, Eduardo"]
[Result "1/2-1/2"]
[WhiteElo "2228"]
[BlackElo "2020"]
[PlyCount "90"]
[EventDate "2017.03.27"]
[EventType "swiss"]
[EventRounds "9"]
[EventCountry "ESP"]
[SourceTitle "AeM"]
[Source "lmi"]
[SourceDate "2017.03.27"]

1. e4 e5 2. Nf3 Nc6 3. d4 exd4 4. Nxd4 Nf6 5. Nxc6 bxc6 6. e5 Qe7 7. Qe2 Nd5 8.
c4 Nb6 9. b3 Bb7 10. a4 a5 11. Nd2 d5 12. exd6 cxd6 13. Bb2 d5 14. O-O-O Qxe2
15. Bxe2 O-O-O 16. cxd5 Rxd5 17. Nc4 Nxc4 18. Bxc4 Rf5 19. Rhe1 Bb4 20. Re2 Rg8
21. Rd3 h5 22. f3 g6 23. Re5 Rxe5 24. Bxe5 Rf8 25. Bd6 Rd8 26. Bxb4 Rxd3 27.
Bxd3 axb4 28. Bc4 f6 29. Bf7 g5 30. Bxh5 c5 31. Kd2 Bd5 32. Kc2 c4 33. bxc4
Bxc4 34. Bg6 Kc7 35. g3 Bd5 36. Be4 Be6 37. h4 f5 38. Bxf5 Bxf5+ 39. Kb3 gxh4
40. gxh4 Kd6 41. Kxb4 Ke5 42. a5 Bc8 43. Kc5 Bb7 44. h5 Bxf3 45. h6 Kf6 1/2-1/2

[Event "Cto. Madrid 2016/2017 - Semifinal"]
[Site "Madrid ESP"]
[Date "2017.04.06"]
[Round "9.7"]
[White "Cervino Rossel, Cristobal"]
[Black "Casares Ripoll, Fernando"]
[Result "1/2-1/2"]
[WhiteElo "2045"]
[BlackElo "2106"]
[PlyCount "48"]
[EventDate "2017.03.27"]
[EventType "swiss"]
[EventRounds "9"]
[EventCountry "ESP"]
[SourceTitle "AeM"]
[Source "lmi"]
[SourceDate "2017.03.27"]

1. d4 Nf6 2. Nf3 d5 3. g3 c5 4. Bg2 e6 5. O-O Nc6 6. c4 dxc4 7. Ne5 Nxe5 8.
dxe5 Qxd1 9. Rxd1 Nd5 10. Na3 Bd7 11. Nxc4 Bc6 12. b3 Nc3 13. Bxc6+ bxc6 14.
Rd2 Rd8 15. Rxd8+ Kxd8 16. Kf1 Kc7 17. Bd2 Nd5 18. Ba5+ Nb6 19. Rd1 Be7 20. f4
f6 21. e4 Rd8 22. Rxd8 Bxd8 23. exf6 gxf6 24. Kg2 Kd7 1/2-1/2

[Event "Cto. Madrid 2016/2017 - Semifinal"]
[Site "Madrid ESP"]
[Date "2017.04.06"]
[Round "9.8"]
[White "Ocana Lameiro, Oliver"]
[Black "Corisco Beltran, Rafael"]
[Result "0-1"]
[WhiteElo "1966"]
[BlackElo "2038"]
[PlyCount "66"]
[EventDate "2017.03.27"]
[EventType "swiss"]
[EventRounds "9"]
[EventCountry "ESP"]
[SourceTitle "AeM"]
[Source "lmi"]
[SourceDate "2017.03.27"]

1. Nf3 Nf6 2. g3 g6 3. Bg2 Bg7 4. O-O O-O 5. d4 d5 6. c4 dxc4 7. Ne5 Nc6 8.
Nxc6 bxc6 9. Na3 c3 10. bxc3 Nd5 11. Bd2 Be6 12. e4 Nb6 13. e5 Bd5 14. Bxd5
Qxd5 15. Qb3 Rfd8 16. Qxd5 Rxd5 17. f4 e6 18. Rab1 Bf8 19. Nc2 c5 20. Be3 cxd4
21. cxd4 Ra5 22. Ra1 Rd8 23. Rfb1 Ra4 24. Rb3 a5 25. Bf2 Rc4 26. Ne1 a4 27.
Rbb1 Bb4 28. Rd1 Bc3 29. Rac1 a3 30. Kf1 Na4 31. Rd3 Rb8 32. Rc2 Rb2 33. Ke2
Bxe1 0-1

[Event "Cto. Madrid 2016/2017 - Semifinal"]
[Site "Madrid ESP"]
[Date "2017.04.06"]
[Round "9.9"]
[White "Martinez Fernandez, Raul"]
[Black "Ortega Morales, Pedro"]
[Result "1-0"]
[WhiteElo "2059"]
[BlackElo "1786"]
[PlyCount "79"]
[EventDate "2017.03.27"]
[EventType "swiss"]
[EventRounds "9"]
[EventCountry "ESP"]
[SourceTitle "AeM"]
[Source "lmi"]
[SourceDate "2017.03.27"]

1. e4 e5 2. Nf3 Nc6 3. Bc4 Nf6 4. d3 Be7 5. Nc3 d6 6. Be3 O-O 7. Qe2 a6 8.
O-O-O b5 9. Bb3 Na5 10. d4 Nxb3+ 11. axb3 exd4 12. Bxd4 c5 13. Bxc5 Qc7 14. Bd4
Be6 15. Bxf6 Bxf6 16. Nd5 Bxd5 17. Rxd5 Rfe8 18. Rhd1 Qe7 19. Rxd6 Qxe4 20.
Qxe4 Rxe4 21. Re1 Rxe1+ 22. Nxe1 Kf8 23. Nd3 Ke7 24. Rb6 Bd4 25. Rb7+ Kf6 26.
c3 Ra7 27. Rb8 Rc7 28. Rd8 Be5 29. Rd5 Re7 30. Rxe5 Rxe5 31. Nxe5 Kxe5 32. b4
h5 33. Kd2 g5 34. Ke3 f5 35. f4+ Kf6 36. fxg5+ Kxg5 37. Kf3 f4 38. b3 Kf5 39.
h4 Ke5 40. c4 1-0

[Event "Cto. Madrid 2016/2017 - Semifinal"]
[Site "Madrid ESP"]
[Date "2017.04.06"]
[Round "9.10"]
[White "Pana, Dorin"]
[Black "Arbunic Castro, Giovanna B"]
[Result "0-1"]
[WhiteElo "2034"]
[BlackElo "2005"]
[PlyCount "128"]
[EventDate "2017.03.27"]
[EventType "swiss"]
[EventRounds "9"]
[EventCountry "ESP"]
[SourceTitle "AeM"]
[Source "lmi"]
[SourceDate "2017.03.27"]

1. e4 c5 2. Nf3 Nc6 3. d4 cxd4 4. Nxd4 g6 5. Nc3 Bg7 6. Be3 Nf6 7. f3 O-O 8.
Qd2 d5 9. O-O-O Ne5 10. Nb3 e6 11. Bg5 Qe7 12. exd5 Rd8 13. d6 Qf8 14. Qe3 h6
15. Bh4 Nc6 16. Ne4 g5 17. Nxf6+ Bxf6 18. Bg3 e5 19. Bd3 Rxd6 20. Qe4 Qg7 21.
Qh7+ Kf8 22. Qe4 Nd4 23. Nxd4 Rxd4 24. Qe2 Be6 25. Kb1 e4 26. fxe4 Ra4 27. b3
Ra5 28. Bd6+ Kg8 29. Bb4 Re5 30. Bc3 Rc5 31. Bxf6 Qxf6 32. Rhf1 Qg7 33. Rf2 a5
34. a4 Rac8 35. Rdf1 Rc3 36. Ka2 b5 37. Bxb5 Qd4 38. Rc1 Bxb3+ 39. cxb3 Rxc1
40. Qb2 Qxb2+ 41. Kxb2 Re1 42. Bc4 Rxe4 43. Bxf7+ Kg7 44. Bd5 Re7 45. Bc4 Rf8
46. Rd2 Re5 47. Ka3 Rf4 48. h3 Re3 49. Bd5 Rf1 50. Kb2 Ree1 51. Bc4 Rd1 52. Rc2
Rg1 53. Kc3 Rc1 54. Rxc1 Rxc1+ 55. Kd4 Rc2 56. g3 Rg2 57. Kc5 Rxg3 58. Kb5 Rxh3
59. Kxa5 g4 60. Be2 h5 61. b4 Rh2 62. Bc4 g3 63. Bd5 h4 64. b5 h3 0-1

[Event "Cto. Madrid 2016/2017 - Semifinal"]
[Site "Madrid ESP"]
[Date "2017.04.06"]
[Round "9.11"]
[White "Pablos Tenrero, Raquel"]
[Black "Spitzer Isbert, Ramon"]
[Result "1-0"]
[WhiteElo "1987"]
[BlackElo "2023"]
[PlyCount "85"]
[EventDate "2017.03.27"]
[EventType "swiss"]
[EventRounds "9"]
[EventCountry "ESP"]
[SourceTitle "AeM"]
[Source "lmi"]
[SourceDate "2017.03.27"]

1. e4 d6 2. d4 g6 3. Nc3 Bg7 4. Nge2 a6 5. g3 b5 6. a3 Bb7 7. Bg2 Nd7 8. O-O e5
9. Be3 Ngf6 10. h3 O-O 11. dxe5 Nxe5 12. b3 Re8 13. g4 Ned7 14. Qd3 a5 15. g5
Nh5 16. Rad1 b4 17. axb4 axb4 18. Nd5 Nc5 19. Bxc5 dxc5 20. Qe3 Bxd5 21. Rxd5
Qxd5 22. exd5 Rxe3 23. fxe3 Ra2 24. Be4 Be5 25. Kf2 c4 26. Rb1 f5 27. gxf6 Nxf6
28. Kf3 Nxe4 29. Kxe4 Rxc2 30. Kxe5 Rxe2 31. bxc4 Rxe3+ 32. Kd4 Rxh3 33. Rxb4
Rf3 34. Ke4 Rf1 35. c5 Kf8 36. Rb7 Rf7 37. c6 Re7+ 38. Kd4 Ke8 39. Kc5 h5 40.
Rb8+ Kf7 41. d6 cxd6+ 42. Kxd6 g5 43. Rb7 1-0

[Event "Cto. Madrid 2016/2017 - Semifinal"]
[Site "Madrid ESP"]
[Date "2017.04.06"]
[Round "9.13"]
[White "Anton Quevedo, Andrea"]
[Black "Cabanas Bravo, Juan Andres"]
[Result "0-1"]
[WhiteElo "1849"]
[BlackElo "2005"]
[PlyCount "78"]
[EventDate "2017.03.27"]
[EventType "swiss"]
[EventRounds "9"]
[EventCountry "ESP"]
[SourceTitle "AeM"]
[Source "lmi"]
[SourceDate "2017.03.27"]

1. e4 e5 2. Nf3 Nc6 3. Bc4 Bc5 4. c3 Nf6 5. d4 exd4 6. O-O Nxe4 7. cxd4 d5 8.
dxc5 dxc4 9. Qe2 Qe7 10. Qxc4 Nxc5 11. b4 Ne6 12. b5 Na5 13. Qc3 b6 14. Nbd2 a6
15. Ba3 Qd7 16. Rfe1 Bb7 17. bxa6 Bxa6 18. Ne5 Qd5 19. Ndf3 c5 20. Rad1 Qxa2
21. Nxf7 O-O 22. Nd6 Nd4 23. Bb2 Nxf3+ 24. gxf3 Ra7 25. Re3 Nc4 26. Nxc4 Qxc4
27. Qe5 Raf7 28. Ra1 Bb7 29. Ra7 Qd5 30. Qg3 g6 31. Bc3 Rxf3 32. Rxf3 Qd1+ 33.
Kg2 Bxf3+ 34. Kh3 Qf1+ 35. Kh4 Qc4+ 36. Kh3 Qe6+ 37. Kh4 Qe4+ 38. Kh3 Qf5+ 39.
Kh4 Qh5# 0-1

[Event "Cto. Madrid 2016/2017 - Semifinal"]
[Site "Madrid ESP"]
[Date "2017.04.06"]
[Round "9.14"]
[White "Ingunza Curro, Andres"]
[Black "Serrano Garcia, Vicente"]
[Result "0-1"]
[WhiteElo "1743"]
[BlackElo "1841"]
[PlyCount "50"]
[EventDate "2017.03.27"]
[EventType "swiss"]
[EventRounds "9"]
[EventCountry "ESP"]
[SourceTitle "AeM"]
[Source "lmi"]
[SourceDate "2017.03.27"]

1. e4 e5 2. Nf3 Nc6 3. Bc4 Bc5 4. O-O d6 5. c3 Bg4 6. d3 Nf6 7. Nbd2 Qe7 8. b4
Bb6 9. h3 Be6 10. Re1 O-O 11. Bb3 a5 12. b5 Nb8 13. a4 Nbd7 14. Nf1 Nc5 15. Bc2
h6 16. d4 Ncxe4 17. Bxe4 Nxe4 18. Rxe4 f5 19. Re1 e4 20. Qe2 Qf7 21. N3d2 c5
22. bxc6 bxc6 23. Ba3 Rfd8 24. f3 d5 25. fxe4 fxe4 0-1

[Event "Cto. Madrid 2016/2017 - Semifinal"]
[Site "Madrid ESP"]
[Date "2017.04.06"]
[Round "9.15"]
[White "Camarero Izquierdo, Juan Carlos"]
[Black "Barragan Arriaza, Pablo"]
[Result "0-1"]
[WhiteElo "1775"]
[BlackElo "1872"]
[PlyCount "92"]
[EventDate "2017.03.27"]
[EventType "swiss"]
[EventRounds "9"]
[EventCountry "ESP"]
[SourceTitle "AeM"]
[Source "lmi"]
[SourceDate "2017.03.27"]

1. d4 d5 2. Nc3 Nf6 3. Bg5 h6 4. Bh4 e6 5. f3 Bb4 6. Qd3 c5 7. e4 dxe4 8. Qb5+
Qd7 9. Bxf6 gxf6 10. fxe4 Qxb5 11. Bxb5+ Bd7 12. Bxd7+ Nxd7 13. Nge2 cxd4 14.
Nxd4 Rc8 15. O-O-O Bxc3 16. bxc3 a6 17. Kb2 Nc5 18. Rhe1 Rg8 19. g3 Rg4 20. e5
f5 21. Ne2 Rc4 22. Rd4 Nd7 23. Rxc4 Rxc4 24. Nd4 Nc5 25. Re3 Ne4 26. g4 Nxc3
27. Rf3 fxg4 28. Kb3 b5 29. Rxc3 Rxd4 30. Rc8+ Ke7 31. Ra8 Rd5 32. Ra7+ Kf8 33.
Rxa6 Rxe5 34. Kb4 f5 35. Ra5 f4 36. a4 Re4+ 37. Kc3 bxa4 38. Kd3 Re3+ 39. Kd2
a3 40. c4 Rh3 41. c5 Rxh2+ 42. Kd3 Rh5 43. Ra8+ Ke7 44. Kd4 g3 45. Ra7+ Kd8 46.
Rxa3 g2 0-1

[Event "Cto. Madrid 2016/2017 - Semifinal"]
[Site "Madrid ESP"]
[Date "2017.04.06"]
[Round "9.16"]
[White "Jimenez Gonzalez, Marcos"]
[Black "Vukotic Jovsic, Dragan"]
[Result "0-1"]
[WhiteElo "1829"]
[BlackElo "1950"]
[PlyCount "72"]
[EventDate "2017.03.27"]
[EventType "swiss"]
[EventRounds "9"]
[EventCountry "ESP"]
[SourceTitle "AeM"]
[Source "lmi"]
[SourceDate "2017.03.27"]

1. d4 c5 2. d5 d6 3. Bg5 g6 4. Nc3 Bg7 5. Nf3 Qa5 6. Bd2 Nf6 7. e3 Bd7 8. Be2
b5 9. Nxb5 Qb6 10. Nc3 Qxb2 11. Rb1 Qa3 12. Nb5 Bxb5 13. Bxb5+ Nbd7 14. Bc6 Rd8
15. Rb3 Qxa2 16. Bc3 O-O 17. O-O Rb8 18. Rxb8 Rxb8 19. Qa1 Qxa1 20. Bxa1 Nb6
21. Rb1 Rc8 22. Bxf6 Bxf6 23. Nd2 e6 24. e4 Bc3 25. Nf3 Rc7 26. Rb3 Bf6 27. g4
exd5 28. exd5 h6 29. Nd2 Re7 30. Kf1 c4 31. Re3 Kf8 32. Rxe7 Kxe7 33. f4 a5 34.
Nb1 Bb2 35. Nd2 c3 36. Nb1 a4 0-1

[Event "Cto. Madrid 2016/2017 - Semifinal"]
[Site "Madrid ESP"]
[Date "2017.04.06"]
[Round "9.17"]
[White "Molina Garcia, Francisco Javier"]
[Black "Lopez Heras, Arturo"]
[Result "1-0"]
[WhiteElo "1922"]
[BlackElo "1905"]
[PlyCount "45"]
[EventDate "2017.03.27"]
[EventType "swiss"]
[EventRounds "9"]
[EventCountry "ESP"]
[SourceTitle "AeM"]
[Source "lmi"]
[SourceDate "2017.03.27"]

1. d4 Nf6 2. c4 g6 3. Nc3 Bg7 4. e4 d6 5. f3 Nc6 6. Be3 a6 7. Qd2 Rb8 8. Bd3 e5
9. Nge2 exd4 10. Nxd4 Ne5 11. O-O Nxd3 12. Qxd3 O-O 13. Rad1 Nd7 14. Qd2 Ne5
15. b3 c6 16. Nde2 d5 17. cxd5 Qa5 18. d6 Be6 19. Na4 Qd8 20. Bb6 Qh4 21. Qf4
Qxf4 22. Nxf4 Bd7 23. Nc5 1-0

[Event "Cto. Madrid 2016/2017 - Semifinal"]
[Site "Madrid ESP"]
[Date "2017.04.06"]
[Round "9.18"]
[White "Garcia Serrano, Jose Manuel"]
[Black "Fernandez Garcia, Ignacio"]
[Result "0-1"]
[WhiteElo "1871"]
[BlackElo "1862"]
[PlyCount "60"]
[EventDate "2017.03.27"]
[EventType "swiss"]
[EventRounds "9"]
[EventCountry "ESP"]
[SourceTitle "AeM"]
[Source "lmi"]
[SourceDate "2017.03.27"]

1. e4 d6 2. d4 Nf6 3. Nc3 g6 4. f4 Bg7 5. Nf3 Bg4 6. h3 Bxf3 7. Qxf3 c6 8. Bd3
Qb6 9. Ne2 Na6 10. O-O Nb4 11. e5 Nd7 12. Kh1 Nxd3 13. cxd3 O-O 14. Be3 Qb5 15.
Rfd1 Nb6 16. Rab1 dxe5 17. Nc3 Qa6 18. dxe5 Rad8 19. Bc5 Rfe8 20. b4 Na4 21. b5
cxb5 22. Nxb5 Nxc5 23. Nc7 Qa3 24. Nxe8 Rxe8 25. Qd5 b6 26. d4 Ne6 27. Qd7 Rd8
28. Qb7 Nxf4 29. Qe4 Nh5 30. Rb3 Qxb3 0-1